000 00854nas a2200289 4500
001 BR2010000140
003 BR-BrBNA
005 20231205113814.0
007 ta
008 230509b bl.|||p| |||| 00| 00por d
040 _aBR-BrBNA
_bpor
_cBiblioteca Nacional de Agricultura
041 _a(En)
072 _aQ04
100 1 _aSilva, P.S.L. e
100 1 _aRodrigues, V.L.P.
100 1 _aMedeiros, J.F. de
100 1 _aAquino, B.F. de
100 1 _aSilva, J. da
245 1 _aYield and quality of melon fruits as a response to the application of nitrogen and potassium doses
650 _aMELÃO
650 _aQUALIDADE
650 _aPOLPA DE FRUTA
650 _aRENDIMENTO
773 0 _tCaatinga (Brazil)
_xISSN 0100-316X
_g(2007), v. 20(2) p. 43-49
_wBR2010000140
909 _a202311
_bLúcia
_c55
_dLúcia Elande
942 _2AGRIS
_n0
_cANA
999 _c205713
_d205713